Gays and film /

Guardat en:
Dades bibliogràfiques
Altres autors: Dyer, Richard
Format: Llibre
Idioma:anglès
Publicat: New York : Zoetrope, [1984]
Edició:Rev. ed
Etiquetes: Afegir etiqueta
Sense etiquetes, Sigues el primer a etiquetar aquest registre!

MARC

LEADER 00000nam a22000007i 4500
001 IT\ICCU\UBO\2211521
003 ItRI
005 20260115231828.0
008 050919s1984 xxu|||||| ||||| |||||c
020 |a 0918432588 
040 |b ita  |c importazione bologna sebina 
041 7 |a eng  |2 ISO-639-2 
245 0 0 |a Gays and film /  |c edited by Richard Dyer. 
250 |a Rev. ed 
260 |a New York :  |b Zoetrope,  |c [1984] 
300 |a 110 p. ;  |c 21 cm. 
700 1 |a Dyer, Richard  |0 IT\ICCU\VEAV\016520 
942 |2 ddc  |c BK  |n 0 
952 |0 0  |1 0  |4 0  |6 DOC_791_430000000000000_DYE  |7 0  |9 13700  |a BO  |b BO  |d 2026-01-15  |i 1637  |l 0  |o DOC 791.430 DYE  |p BO1637  |r 2026-01-15 23:18:28  |w 2026-01-15  |x [Sebina 7] [1 v.]  |y BK  |z 1 v. 
999 |c 11780  |d 11780